[Event "NRW Class1 1718"]
[Site "Germany"]
[Date "2017.10.15"]
[Round "2.1"]
[White "Loifenfeld, Jakov"]
[Black "Kabatianski, Alexander"]
[Result "1/2-1/2"]
[WhiteElo "2413"]
[BlackElo "2307"]
[PlyCount "142"]
[EventDate "2017.09.17"]
[EventType "team-tourn"]
[EventRounds "9"]
[EventCountry "GER"]
[SourceTitle "EXT 2019"]
[Source "ChessBase"]
[SourceDate "2018.10.10"]
[SourceVersion "1"]
[SourceVersionDate "2018.10.10"]
[SourceQuality "1"]
[WhiteTeam "Bruehl"]
[BlackTeam "Emsdetten Rochade"]
[WhiteTeamCountry "GER"]
[BlackTeamCountry "GER"]

1. d4 Nf6 2. c4 e6 3. Nc3 Bb4 4. e3 0-0 5. Nge2 d5 6. a3 Be7 7. cxd5 exd5 8. Nf4 c6 9. Bd3 Na6 10. 0-0 Nc7 11. b4 Ne6 12. Nh5 g6 13. Nxf6+ Bxf6 14. Qb3 a6 15. a4 Bd7 16. Ra2 b5 17. Bd2 Qc7 18. Rfa1 Rab8 19. axb5 axb5 20. Ra7 Rb7 21. R7a6 Rfb8 22. Ne2 h5 23. Qc2 h4 24. f4 Ng7 25. Kh1 Rb6 26. Ra7 R6b7 27. R7a6 Rb6 28. Ra7 R6b7 29. R7a3 Nf5 30. Ng1 Nd6 31. Nf3 Nc4 32. Ra6 Kg7 33. Ne5 Rb6 34. Rxb6 Rxb6 35. e4 Bc8 36. Rf1 Ra6 37. Bc1 Qa7 38. Qc3 Qc7 39. Nf3 dxe4 40. Bxe4 Nd6 41. Bc2 Bf5 42. Ne5 Qc8 43. Bb3 Be4 44. Kg1 Qf5 45. Re1 Bd5 46. Bc2 Qc8 47. Bb1 Nf5 48. Bb2 Bd8 49. Qh3 Ra7 50. g4 hxg3 51. hxg3 Bb6 52. g4 Nd6 53. f5 Qh8 54. Qxh8+ Kxh8 55. fxg6 f6 56. Nf7+ Nxf7 57. gxf7 Kg7 58. Kf2 Ra4 59. Ke3 Kxf7 60. Bc3 Bc7 61. Rf1 Ke7 62. Be4 Bd6 63. Bxd5 cxd5 64. Rh1 Bxb4 65. Rh7+ Ke6 66. Bxb4 Rxb4 67. Rb7 Rb1 68. Rb6+ Ke7 69. Rb7+ Ke6 70. Rb6+ Ke7 71. Rb7+ Ke6 1/2-1/2

[Event "NRW Class1 1617"]
[Site "Germany"]
[Date "2017.03.26"]
[Round "8.1"]
[White "Loifenfeld, Jakov"]
[Black "Essing, Arnold"]
[Result "1/2-1/2"]
[WhiteElo "2426"]
[BlackElo "2233"]
[PlyCount "63"]
[EventDate "2016.09.25"]
[EventType "team-tourn"]
[EventRounds "9"]
[EventCountry "GER"]
[SourceTitle "EXT 2023"]
[Source "ChessBase"]
[SourceDate "2022.10.05"]
[SourceVersion "1"]
[SourceVersionDate "2022.10.05"]
[SourceQuality "1"]
[WhiteTeam "Bruehl"]
[BlackTeam "Lieme"]
[WhiteTeamCountry "GER"]
[BlackTeamCountry "GER"]

1. d4 d5 2. c4 e6 3. Nc3 c5 4. cxd5 exd5 5. Nf3 Nc6 6. g3 c4 7. Bg2 Bb4 8. 0-0 Nge7 9. e4 0-0 10. exd5 Nxd5 11. Bg5 Qa5 12. Nxd5 Qxd5 13. a3 Ba5 14. Ne5 Qb5 15. a4 Qa6 16. Rc1 Nxe5 17. dxe5 Be6 18. Qh5 Bd8 19. Be3 Bb6 20. Be4 g6 21. Qf3 Bxe3 22. Qxe3 Rad8 23. f4 Bf5 24. Bxf5 gxf5 25. Qe2 Rd3 26. Qh5 Qb6+ 27. Rf2 Rfd8 28. a5 Qe3 29. Rxc4 Rd2 30. Qf3 Qxf3 31. Rxf3 Rxb2 32. Rf2 1/2-1/2

[Event "Mittelrhein Regionalliga 1415"]
[Site "Mittelrhein"]
[Date "2015.02.22"]
[Round "7.1"]
[White "Haag, Martin"]
[Black "Loifenfeld, Jakov"]
[Result "1/2-1/2"]
[WhiteElo "2265"]
[BlackElo "2401"]
[PlyCount "50"]
[EventDate "2014.09.28"]
[EventType "team-tourn"]
[EventRounds "9"]
[EventCountry "GER"]
[SourceTitle "EXT 2023"]
[Source "ChessBase"]
[SourceDate "2022.10.05"]
[SourceVersion "1"]
[SourceVersionDate "2022.10.05"]
[SourceQuality "1"]
[WhiteTeam "Bonn Beuel"]
[BlackTeam "Bruehl"]
[WhiteTeamCountry "GER"]
[BlackTeamCountry "GER"]

1. c4 e5 2. g3 Nc6 3. Nc3 Nf6 4. Bg2 Bc5 5. a3 a5 6. e3 d6 7. Nge2 Bb6 8. 0-0 0-0 9. b3 Bf5 10. d4 exd4 11. Nxd4 Bg4 12. Qd2 Qd7 13. Nxc6 bxc6 14. Bb2 Bh3 15. b4 Bxg2 16. Kxg2 Qe6 17. Qd3 Ng4 18. Nd1 f6 19. Rc1 axb4 20. axb4 c5 21. b5 Ra4 22. h3 Ne5 23. Bxe5 dxe5 24. e4 c6 25. bxc6 Rd8 1/2-1/2

[Event "Regionalliga Mittelrhein 1213"]
[Site "Germany"]
[Date "2013.03.03"]
[Round "8.1"]
[White "Loifenfeld, Jakov"]
[Black "Balduan, Markus"]
[Result "1-0"]
[WhiteElo "2387"]
[BlackElo "2215"]
[PlyCount "85"]
[EventDate "2012.09.09"]
[EventType "team"]
[EventRounds "11"]
[EventCountry "GER"]
[SourceTitle "EXT 2015"]
[Source "ChessBase"]
[SourceDate "2014.11.20"]
[SourceVersion "1"]
[SourceVersionDate "2014.11.20"]
[SourceQuality "1"]
[WhiteTeam "Bruehl"]
[BlackTeam "Langenfeld II"]
[WhiteTeamCountry "GER"]
[BlackTeamCountry "GER"]

1. Nf3 d5 2. c4 dxc4 3. e3 Nf6 4. Bxc4 e6 5. 0-0 c5 6. Qe2 a6 7. Bb3 Nc6 8. d4 cxd4 9. Rd1 Be7 10. exd4 0-0 11. Nc3 Nb4 12. Ne5 Nbd5 13. Bg5 h6 14. Bxf6 Nxc3 15. bxc3 Bxf6 16. Qe4 Qc7 17. Bc2 g6 18. Rd3 Bg7 19. h4 b6 20. Re1 Bb7 21. Qf4 Qe7 22. Rg3 Rad8 23. h5 g5 24. Qe3 Rfe8 25. f4 Bxe5 26. fxe5 Rf8 27. Qd3 f5 28. exf6 Rxf6 29. Rge3 b5 30. a4 Bc6 31. axb5 axb5 32. Bb3 Rd6 33. Rxe6 Rdxe6 34. Rxe6 Rxe6 35. Qg6+ Kf8 36. Bxe6 Qg7 37. Qf5+ Ke7 38. Qc5+ Kxe6 39. Qxc6+ Kf5 40. Qd5+ Kf6 41. Qe5+ Kf7 42. Qxb5 Qf6 43. Qf1 1-0

[Event "Regionalliga Mittelrhein 1213"]
[Site "Germany"]
[Date "2012.10.21"]
[Round "3.1"]
[White "Walter, Kurt"]
[Black "Loifenfeld, Jakov"]
[Result "0-1"]
[WhiteElo "2110"]
[BlackElo "2387"]
[PlyCount "62"]
[EventDate "2012.09.09"]
[EventType "team"]
[EventRounds "11"]
[EventCountry "GER"]
[SourceTitle "EXT 2015"]
[Source "ChessBase"]
[SourceDate "2014.11.20"]
[SourceVersion "1"]
[SourceVersionDate "2014.11.20"]
[SourceQuality "1"]
[WhiteTeam "Koeln SF II"]
[BlackTeam "Bruehl"]
[WhiteTeamCountry "GER"]
[BlackTeamCountry "GER"]

1. e4 Nf6 2. e5 Nd5 3. d4 d6 4. Nf3 dxe5 5. Nxe5 c6 6. Bc4 Be6 7. Qe2 Nd7 8. 0-0 g6 9. Bb3 Bg7 10. c4 N5b6 11. Nf3 0-0 12. h3 a5 13. a4 Bf5 14. Nc3 e5 15. Nxe5 Nxe5 16. dxe5 Bd3 17. Qe3 Bxf1 18. Kxf1 Nd7 19. f4 b6 20. Ne4 Nc5 21. Bc2 Ne6 22. Ra3 Nd4 23. Bb1 Nf5 24. Qe2 Ra7 25. g4 Nd4 26. Qf2 Rd7 27. Rd3 c5 28. Ba2 f6 29. exf6 Bxf6 30. Nxf6+ Qxf6 31. Bb1 Qc6 0-1

[Event "BL2-West 0607"]
[Site "Germany"]
[Date "2006.11.19"]
[Round "3.5"]
[White "Zude, Arno"]
[Black "Loifenfeld, Jakov"]
[Result "1/2-1/2"]
[WhiteElo "2410"]
[BlackElo "2427"]
[PlyCount "58"]
[EventDate "2006.10.15"]
[EventType "team-tourn"]
[EventRounds "9"]
[EventCountry "GER"]
[SourceTitle "EXT 2008"]
[Source "ChessBase"]
[SourceDate "2007.11.25"]
[SourceVersion "1"]
[SourceVersionDate "2007.11.25"]
[SourceQuality "1"]
[WhiteTeam "Hofheim"]
[BlackTeam "Koeln Porz II"]
[WhiteTeamCountry "GER"]
[BlackTeamCountry "GER"]

1. e4 e6 2. d4 d5 3. e5 c5 4. c3 Qb6 5. Nf3 Bd7 6. a3 Nc6 7. b4 cxd4 8. cxd4 Nge7 9. Nc3 Nf5 10. Na4 Qd8 11. Bb2 Nh4 12. Nxh4 Qxh4 13. Be2 b5 14. Nc5 Bxc5 15. dxc5 a5 16. 0-0 axb4 17. g3 Qd8 18. axb4 Nxb4 19. Qb3 Nc6 20. Rxa8 Qxa8 21. Ra1 Qb8 22. Bxb5 0-0 23. Ra6 d4 24. Rb6 Qa8 25. f4 Qa5 26. Kf1 Qd2 27. Bxc6 Bxc6 28. Rxc6 d3 29. Rd6 Qe2+ 1/2-1/2

[Event "BL2-West 0506"]
[Site "Germany"]
[Date "2006.02.19"]
[Round "7.4"]
[White "Loifenfeld, Jakov"]
[Black "Dresen, Ulrich"]
[Result "0-1"]
[WhiteElo "2434"]
[BlackElo "2296"]
[PlyCount "102"]
[EventDate "2005.10.23"]
[EventType "team-tourn"]
[EventRounds "9"]
[EventCountry "GER"]
[SourceTitle "EXT 2007"]
[Source "ChessBase"]
[SourceDate "2006.11.23"]
[SourceVersion "1"]
[SourceVersionDate "2006.11.23"]
[SourceQuality "1"]
[WhiteTeam "Koeln Porz II"]
[BlackTeam "Gerresheim"]
[WhiteTeamCountry "GER"]
[BlackTeamCountry "GER"]

1. d4 d5 2. c4 c6 3. Nf3 Nf6 4. Qc2 dxc4 5. Qxc4 Bf5 6. Nc3 Nbd7 7. g3 e6 8. Bg2 Be7 9. 0-0 0-0 10. Rd1 Bc2 11. e3 Bxd1 12. Nxd1 c5 13. Nc3 Rc8 14. Qa4 a6 15. Ne5 Rc7 16. f4 cxd4 17. exd4 Nb6 18. Qd1 Nbd5 19. Bd2 Qd6 20. Qb3 Qb6 21. Nxd5 Nxd5 22. Qxb6 Nxb6 23. Ba5 Rc2 24. Bxb6 Rxb2 25. Bc5 Bxc5 26. dxc5 Rd8 27. Nc4 Rc2 28. Nd6 b6 29. Be4 Rd2 30. c6 R2xd6 31. Kg2 f5 32. Bf3 Rd2+ 33. Kf1 Rc2 34. a4 Rd3 35. Be2 Rdd2 36. Bxa6 Rxc6 37. Bb7 Rcc2 38. h4 Ra2 39. Re1 Rf2+ 40. Kg1 Rfe2 41. Rc1 Rec2 42. Rb1 Rxa4 43. Bg2 Ra3 44. Kh1 Rxg3 45. Bf1 Rf3 46. Bg2 Rxf4 47. Rxb6 Rxh4+ 48. Kg1 Rg4 49. Kh1 Rh4+ 50. Kg1 Rxg2+ 51. Kxg2 Kf7 0-1

[Event "BL2-West 0506"]
[Site "Germany"]
[Date "2006.01.15"]
[Round "5.4"]
[White "Fridman, Rafael"]
[Black "Loifenfeld, Jakov"]
[Result "1/2-1/2"]
[WhiteElo "2405"]
[BlackElo "2434"]
[PlyCount "31"]
[EventDate "2005.10.23"]
[EventType "team-tourn"]
[EventRounds "9"]
[EventCountry "GER"]
[SourceTitle "EXT 2007"]
[Source "ChessBase"]
[SourceDate "2006.11.23"]
[SourceVersion "1"]
[SourceVersionDate "2006.11.23"]
[SourceQuality "1"]
[WhiteTeam "Bochum 31"]
[BlackTeam "Koeln Porz II"]
[WhiteTeamCountry "GER"]
[BlackTeamCountry "GER"]

1. Nf3 c5 2. g3 g6 3. Bg2 Bg7 4. 0-0 Nc6 5. c4 d6 6. Nc3 Nf6 7. d4 cxd4 8. Nxd4 Bd7 9. b3 0-0 10. Bb2 Rc8 11. Rc1 a6 12. Nxc6 Bxc6 13. Qd2 Bxg2 14. Kxg2 Qa5 15. Rfd1 Rfd8 16. Ba1 1/2-1/2

[Event "BL2-West 0405"]
[Site "Germany"]
[Date "2005.02.13"]
[Round "7.5"]
[White "Loifenfeld, Jakov"]
[Black "Bewersdorff, Oliver"]
[Result "1/2-1/2"]
[WhiteElo "2443"]
[BlackElo "2336"]
[PlyCount "80"]
[EventDate "2004.10.13"]
[EventType "team-tourn"]
[EventRounds "9"]
[EventCountry "GER"]
[SourceTitle "EXT 2006"]
[Source "ChessBase"]
[SourceDate "2005.11.24"]
[SourceVersion "1"]
[SourceVersionDate "2005.11.24"]
[SourceQuality "1"]
[WhiteTeam "Koeln Porz II"]
[BlackTeam "Schott Mainz"]
[WhiteTeamCountry "GER"]
[BlackTeamCountry "GER"]

1. d4 Nf6 2. c4 g6 3. Nc3 Bg7 4. Nf3 0-0 5. Bf4 d5 6. e3 c5 7. dxc5 Qa5 8. Rc1 dxc4 9. Bxc4 Qxc5 10. Qb3 Nc6 11. Qb5 Qxb5 12. Bxb5 Bd7 13. Ke2 Rac8 14. Rhd1 Rfd8 15. Ke1 Nb4 16. Bxd7 Rxd7 17. Ne5 Rxd1+ 18. Rxd1 e6 19. a3 Nbd5 20. Nb5 Rc2 21. Nd6 Rxb2 22. Rc1 h6 23. Ndxf7 g5 24. Bg3 Ne4 25. Rc8+ Kh7 26. f3 Nxg3 27. hxg3 Nxe3 28. Rc7 Nxg2+ 29. Kd1 Ne3+ 30. Kc1 Rb5 31. Kd2 Nd5 32. Rd7 Nf6 33. Re7 Nh5 34. Ng4 Nxg3 35. Nfe5 Rd5+ 36. Kc2 Rc5+ 37. Kd3 Rd5+ 38. Kc3 Rc5+ 39. Kd3 Rd5+ 40. Kc2 Rc5+ 1/2-1/2

[Event "BL2-West 0405"]
[Site "Germany"]
[Date "2005.01.30"]
[Round "6.4"]
[White "Loifenfeld, Jakov"]
[Black "Fridman, Rafael"]
[Result "1/2-1/2"]
[WhiteElo "2443"]
[BlackElo "2427"]
[PlyCount "42"]
[EventDate "2004.10.13"]
[EventType "team-tourn"]
[EventRounds "9"]
[EventCountry "GER"]
[SourceTitle "EXT 2006"]
[Source "ChessBase"]
[SourceDate "2005.11.24"]
[SourceVersion "1"]
[SourceVersionDate "2005.11.24"]
[SourceQuality "1"]
[WhiteTeam "Koeln Porz II"]
[BlackTeam "Bochum 31"]
[WhiteTeamCountry "GER"]
[BlackTeamCountry "GER"]

1. d4 d6 2. Nf3 Bg4 3. e4 Nf6 4. Nc3 e6 5. Bd3 Be7 6. Be3 d5 7. 0-0 0-0 8. h3 dxe4 9. Nxe4 Bh5 10. Ng3 Bg6 11. Ne5 Bxd3 12. Qxd3 Nbd7 13. Rad1 Nxe5 14. dxe5 Qxd3 15. Rxd3 Nd5 16. Bd2 Rfd8 17. Rd1 Kf8 18. Ne4 Ke8 19. Kf1 h6 20. Ke2 Nb6 21. Ba5 Rxd3 1/2-1/2

[Event "BL2-West 0405"]
[Site "Germany"]
[Date "2004.11.28"]
[Round "3.6"]
[White "Loifenfeld, Jakov"]
[Black "Huhndorf, Arnold"]
[Result "1/2-1/2"]
[WhiteElo "2443"]
[BlackElo "2306"]
[PlyCount "80"]
[EventDate "2004.10.13"]
[EventType "team-tourn"]
[EventRounds "9"]
[EventCountry "GER"]
[SourceTitle "EXT 2006"]
[Source "ChessBase"]
[SourceDate "2005.11.24"]
[SourceVersion "1"]
[SourceVersionDate "2005.11.24"]
[SourceQuality "1"]
[WhiteTeam "Koeln Porz II"]
[BlackTeam "Lohmar"]
[WhiteTeamCountry "GER"]
[BlackTeamCountry "GER"]

1. d4 Nf6 2. c4 c5 3. d5 e6 4. Nc3 exd5 5. cxd5 d6 6. e4 g6 7. f4 Bg7 8. Bb5+ Nfd7 9. a4 a6 10. Bd3 Qh4+ 11. g3 Qd8 12. Nf3 0-0 13. 0-0 Nf6 14. f5 Nbd7 15. Bg5 c4 16. Bxc4 Qb6+ 17. Qd4 Qxd4+ 18. Nxd4 Nxe4 19. Nxe4 Bxd4+ 20. Kg2 Nb6 21. Nxd6 Nxc4 22. Nxc4 Bxf5 23. Rad1 Bc5 24. Be3 Rac8 25. Bxc5 Be4+ 26. Kg1 Rxc5 27. Nd6 f5 28. Nxb7 Rxd5 29. Rxd5 Bxd5 30. Nc5 Rb8 31. Nd7 Rd8 32. Nf6+ Kf7 33. Nxd5 Rxd5 34. b4 Ke6 35. Rb1 Kd6 36. b5 axb5 37. axb5 Kc7 38. Re1 Rxb5 39. Re7+ Kd6 40. Rxh7 Ke6 1/2-1/2

[Event "BL2-West 0203"]
[Site "Germany"]
[Date "2003.02.23"]
[Round "7.5"]
[White "Loifenfeld, Jakov"]
[Black "Ott, Wolfgang"]
[Result "1-0"]
[WhiteElo "2416"]
[BlackElo "2297"]
[PlyCount "79"]
[EventDate "2002.10.20"]
[EventType "team-tourn"]
[EventRounds "9"]
[EventCountry "GER"]
[SourceTitle "EXT 2004"]
[Source "ChessBase"]
[SourceDate "2003.11.25"]
[SourceVersion "1"]
[SourceVersionDate "2003.11.25"]
[SourceQuality "1"]
[WhiteTeam "Koeln Porz II"]
[BlackTeam "Remagen"]
[WhiteTeamCountry "GER"]
[BlackTeamCountry "GER"]

1. d4 g6 2. c4 Bg7 3. Nc3 d6 4. Nf3 Nc6 5. Bg5 Bg4 6. e3 h6 7. Bh4 Nf6 8. Be2 Qc8 9. Rc1 g5 10. Bg3 Nh5 11. Nd2 Bxe2 12. Qxe2 Nxg3 13. hxg3 e5 14. d5 Ne7 15. g4 Qd7 16. Nde4 0-0 17. Ng3 f5 18. gxf5 Nxf5 19. Nxf5 Qxf5 20. Qc2 Qg4 21. Qe4 Qd7 22. Rc2 Rae8 23. Ne2 c5 24. Ng3 Rf4 25. Qg6 Rf6 26. Qd3 a6 27. Ne4 Rf7 28. b3 b5 29. b4 cxb4 30. cxb5 axb5 31. Rc6 Bf8 32. Nxd6 e4 33. Nxe4 Qf5 34. f3 g4 35. 0-0 gxf3 36. gxf3 Qh5 37. Rc2 Kh8 38. Rg2 Rxf3 39. Qd4+ Kh7 40. Rxf3 1-0

[Event "BL2-West 0304"]
[Site "Germany"]
[Date "2003.??.??"]
[Round "?.7"]
[White "Bohn, Thomas"]
[Black "Loifenfeld, Jakov"]
[Result "0-1"]
[WhiteElo "2360"]
[BlackElo "2425"]
[PlyCount "84"]
[EventDate "2003.12.14"]
[EventType "team-tourn"]
[EventRounds "9"]
[EventCountry "GER"]
[SourceTitle "CBM 100 Extra"]
[Source "ChessBase"]
[SourceDate "2004.07.06"]
[SourceVersion "2"]
[SourceVersionDate "2004.07.06"]
[SourceQuality "1"]
[WhiteTeam "Koblenz"]
[BlackTeam "Koeln Porz"]
[WhiteTeamCountry "GER"]
[BlackTeamCountry "GER"]

1. f4 d5 2. Nf3 g6 3. e3 Bg7 4. Be2 c5 5. 0-0 Nc6 6. d3 Nh6 7. e4 0-0 8. Qe1 dxe4 9. dxe4 Nd4 10. Na3 b6 11. Bc4 Bb7 12. c3 Nxf3+ 13. Rxf3 a6 14. f5 b5 15. Bxh6 Bxh6 16. Rd1 Qb6 17. Bd5 c4+ 18. Kh1 e6 19. Bxb7 Qxb7 20. Qh4 Bg7 21. Nc2 exf5 22. exf5 Rfe8 23. f6 Bf8 24. Nd4 Re4 25. Rf4 Rae8 26. Rdf1 Qd5 27. h3 Rxf4 28. Qxf4 Qe4 29. Qc7 Qd3 30. Kg1 b4 31. Rf3 Qb1+ 32. Kh2 Qxb2 33. Nf5 Qe2 34. cxb4 h5 35. Ne7+ Bxe7 36. fxe7 Rxe7 37. Qf4 Qxa2 38. Qf6 Qe2 39. Qxa6 Qe5+ 40. Kg1 Qd4+ 41. Kh2 Kg7 42. Qc6 Qe5+ 0-1

[Event "BL2-West 0102"]
[Site "Germany"]
[Date "2002.02.03"]
[Round "5.4"]
[White "Molinaroli, Martin"]
[Black "Loifenfeld, Jakov"]
[Result "0-1"]
[WhiteElo "2236"]
[BlackElo "2397"]
[PlyCount "55"]
[EventDate "2001.10.07"]
[EventType "team-tourn"]
[EventRounds "9"]
[EventCountry "GER"]
[SourceTitle "CBM 088 Extra"]
[Source "ChessBase"]
[SourceDate "2002.07.01"]
[SourceVersion "2"]
[SourceVersionDate "2002.07.01"]
[SourceQuality "1"]
[WhiteTeam "Muenster"]
[BlackTeam "Koeln Porz II"]
[WhiteTeamCountry "GER"]
[BlackTeamCountry "GER"]

1. c4 c5 2. Nf3 g6 3. g3 Bg7 4. Nc3 Nc6 5. Bg2 d6 6. 0-0 Nh6 7. a3 0-0 8. Rb1 Nf5 9. b4 Nfd4 10. Ne1 e5 11. d3 Kh8 12. Nd5 f5 13. e3 Ne6 14. Nc2 Rb8 15. f4 b6 16. Bb2 Bb7 17. Qd2 Qd7 18. b5 Ne7 19. d4 cxd4 20. exd4 Rbc8 21. Nf6 Bxf6 22. dxe5 Bg7 23. Qxd6 Rc7 24. Rfd1 Qc8 25. Bd5 Nxd5 26. cxd5 Rxc2 27. dxe6 Rg2+ 28. Kf1 0-1

[Event "BL2-West 0102"]
[Site "Germany"]
[Date "2001.10.07"]
[Round "1.6"]
[White "Loifenfeld, Jakov"]
[Black "Van de Mortel, Jan"]
[Result "1/2-1/2"]
[WhiteElo "2397"]
[BlackElo "2401"]
[PlyCount "83"]
[EventDate "2001.10.07"]
[EventType "team-tourn"]
[EventRounds "9"]
[EventCountry "GER"]
[SourceTitle "CBM 088 Extra"]
[Source "ChessBase"]
[SourceDate "2002.07.01"]
[SourceVersion "2"]
[SourceVersionDate "2002.07.01"]
[SourceQuality "1"]
[WhiteTeam "Koeln Porz II"]
[BlackTeam "Bochum"]
[WhiteTeamCountry "GER"]
[BlackTeamCountry "GER"]

1. d4 Nf6 2. c4 g6 3. Nc3 d5 4. Nf3 Bg7 5. e3 0-0 6. Qb3 c6 7. Bd2 Qb6 8. Qxb6 axb6 9. cxd5 Nxd5 10. Nxd5 cxd5 11. Bb5 Bd7 12. Bxd7 Nxd7 13. Bb4 Rfe8 14. Kd2 e6 15. Rhc1 Rec8 16. Rxc8+ Rxc8 17. a4 Nb8 18. Ra3 Nc6 19. Rb3 Ra8 20. Bc3 Ra6 21. a5 Bf6 22. axb6 Bd8 23. Ne1 Rxb6 24. Ra3 Ra6 25. Rxa6 bxa6 26. Nd3 Bb6 27. Kc2 Kf8 28. Kb3 Ke7 29. Ka4 Kd7 30. h3 Ba7 31. Bb4 Bb6 32. Bc5 Bc7 33. Ba3 Bb6 34. Bf8 f6 35. b4 e5 36. dxe5 Nxe5 37. Nf4 Kc6 38. Bg7 Nd7 39. Ne6 Kd6 40. Nf8 Nxf8 41. Bxf8+ Kc6 42. Bg7 1/2-1/2